Responses for Show #6569 - Thursday, March 21, 2013

Contestants

[<< previous game]

Steve Rininger, a lawyer from Chicago, Illinois

Abby Fisher, a professional volunteer from Belmont, Massachusetts

Lauren Girard, a museum guest relations manager from Los Angeles, California (whose 2-day cash winnings total $51,000)

[next game >>]

Jeopardy! Round responses

POETIC PUNISHMENT
CENTURY OF THE INVENTION
_O_O
(Alex: For example, Pogo would be a correct response. They're all gonna be four letters.)
GEOGRAPHY: DROP A LETTER
SOMEONE'S IN THE KITCHEN
WITH DINAH
    $200 14
Rime of the Ancient Mariner

Lauren
    $200 8
(Steve: What's the 20th?)

the 21st century

LaurenSteve
    $200 6
dodo

Lauren
    $200 17
Cameron (from Cameroon)

Lauren
    $200 1
Betty Crocker

Lauren
    $200 19
(Steve: Who is Jon Voight?)
(Abby: I see him in my head. Who is...)
(Alex: He shouldn't be in your head. He should be on your tongue, and you should be saying his name, which is [*]. Co-starred with Jon in Deliverance.)

Burt Reynolds

AbbySteve
Triple Stumper
    $400 27
(Abby: What's The Inferno?)

Paradise Lost

AbbySteve
    $400 10
the 19th century

Abby
    $400 7
hobo

Abby
    $400 18
toga (from Tonga)

Abby
    $400 2
Uncle Ben

Lauren
    $400 23
football

Abby
    $600 28
jail

Triple Stumper
    $600 11
the 18th century

Abby
    $600 9
polo

Abby
    $600 20
Enya (from Kenya)

Lauren
    $1,000 3
Sara Lee

Lauren
    $600 24
DC

Lauren
    $800 29
(William Butler) Yeats

Lauren
    $800 12
the 15th century

Abby
    $800 15
mojo

Abby
    $800 21
mine (from Maine)

Steve
    $800 4
Aunt Jemima and Mrs. Butterworth

Lauren
    $800 25
Jacob

Abby
    $1000 30
Prometheus

Abby
    $1000 13
the 17th century

Steve
    $1000 16
Tojo

Steve
    $1000 22
Bruni (from Brunei)

Lauren
    $1000 5
Mrs. Dash

Steve
    $1000 26
Adam Bede

Steve

Scores at the first commercial break (after clue 15):

Lauren Abby Steve
$3,000 $3,600 $1,800

Scores at the end of the Jeopardy! Round:

Lauren Abby Steve
$6,200 $5,600 $4,800

Double Jeopardy! Round responses

TIME TO JAZZ-ERCISE
TAKING A "DIVE"
THE CIVIL WAR
CURRENCY SPECULATION
LINES FROM THE OSCAR-WINNING ROLE
(Alex: You have to identify the character, not the actor.)
KILLER WORDS, MAN
    $400 17
Fats Waller

Triple Stumper
    $400 7
nosedive

Steve
    $400 3
The Gettysburg Address

Abby
    $400 28
ruble

Steve
    $400 2
Forrest Gump

Abby
    $400 23
guillotine

Abby
    $800 29
[The end-of-round signal sounds.]

piano

Triple Stumper
    $800 8
endive

Lauren
    $800 4
Fort Sumter

Lauren
    $3,000 19
(Abby: Who is Martha Washington?)

Dolley Madison

Abby
    $800 5
Don Corleone

Abby
    $800 22
execute

Lauren
    $1200 9
(Abby: What's diversity?)
(Alex: No. Well, give me a little more.)
(Abby: What is [*]?)

biodiversity

Abby
    $1200 6
Battle of Chancellorsville

Triple Stumper
    $1200 18
Eurozone

Abby
    $1200 1
Gordon Gekko

Lauren
    $1200 14
murder

Abby
    $1600 26
Buddy Rich

Triple Stumper
    $1600 10
divest

Abby
    $1600 25
Sherman

Abby
    $1600 27
500

Steve
    $5,000 12
Jake LaMotta

Lauren
    $1600 15
massacre

Lauren
    $2000 24
Ella Fitzgerald

Triple Stumper
    $2000 11
diverticulitis

Lauren
    $2000 21
(Alex: [*], yes. Bloody [*].)

Antietam

Lauren
    $2000 20
Colón

Triple Stumper
    $2000 13
(Abby: Who is King George V?)

King George VI

AbbySteve
    $2000 16
choke

Steve

Scores at the end of the Double Jeopardy! Round:

Lauren Abby Steve
$20,400 $9,400 $11,200

[wagering suggestions for these scores]

Final Jeopardy! Round responses

ARTISTS
(Alex: It has long been believed that this artist committed suicide, but a recent book kind of disputes that theory.)
AbbyWho was Oscar Wilde?
$9,398
SteveWho is van Gogh?
$11,000
LaurenWho was Lucien Freud?
$5,000
(Vincent) van Gogh

Final scores:

Lauren Abby Steve
$15,400 $2 $22,200
2nd place: $2,000 3rd place: $1,000 New champion: $22,200

Game dynamics:

Coryat scores:

Lauren Abby Steve
$16,600 $12,400 $11,200
20 R
(including 2 DDs),
0 W
19 R,
4 W
(including 1 DD)
11 R,
2 W

Combined Coryat: $40,200

[game clues] [game scores] [suggest correction]

Game tape date: 2012-11-13
The J! Archive is created by fans, for fans. Scraping, republication, monetization, and malicious use prohibited; this site may use cookies and collect identifying information. See terms. The Jeopardy! game show and all elements thereof, including but not limited to copyright and trademark thereto, are the property of Jeopardy Productions, Inc. and are protected under law. This website is not affiliated with, sponsored by, or operated by Jeopardy Productions, Inc. Join the discussion at JBoard.tv.